| 000 | 00970cam a2200301 a 4500 | ||
|---|---|---|---|
| 001 | 13508878 | ||
| 003 | OSt | ||
| 005 | 20180620160957.0 | ||
| 008 | 040302s2004 caua j 000 0 eng | ||
| 010 | _a 2004003650 | ||
| 020 | _a1584690623 (pbk.) | ||
| 020 | _a0439760208 | ||
| 040 |
_aDLC _cDLC _dDLC |
||
| 042 | _alcac | ||
| 050 | 0 | 0 |
_aPZ 7 _b.B45258Ov 2005 |
| 100 | 1 |
_aBerkes, Marianne Collins. _928992 |
|
| 245 | 1 | 0 |
_aOver in the ocean : _bin a coral reef / _cMarianne Berkes ; illustrated by Jeanette Canyon. |
| 250 | _a1st ed. | ||
| 260 |
_aNevada City, CA : _bScholastic Inc., _c2005. |
||
| 300 |
_bcol. ill. ; _c24 cm. |
||
| 526 | _cBR | ||
| 700 | 1 |
_aCanyon, Jeanette, _d1965- _eill. _928993 |
|
| 906 |
_a7 _bcbc _corignew _d1 _eecip _f20 _gy-gencatlg |
||
| 942 |
_2lcc _cBK |
||
| 999 |
_c34851 _d34851 |
||